Ihrisko pre každé dieťa

Bibliographic Details
Main Author: Ivanišin, Patrik (Author)
Format: Article
Language:Slovak
PhysicalDescription:Fotografia
ISSN:2453-7764
Subjects:
Online Access:https://www.kosicekrasna.sk/files/2024-03-22-082159-Kras__an__an_2024-01.pdf

MARC

LEADER 00000nab a2200000u 4500
001 vtls012263321
003 SK-MaSNL
005 20260304001217.0
008 240909|2024 xo ||||||| || ||slo|
038 |a KEVKJB 
040 |a KEVKJB  |b slo  |e rda 
041 0 |a slo 
043 |a e-xo--- 
044 |a xo  |c SK 
072 7 |a 712  |x Plánovanie krajiny. Parky. Záhrady  |2 konspekt 
080 |a 712.256-053.2  |2 2011 
100 1 |a Ivanišin, Patrik  |4 aut  |9 1109803 
245 1 0 |a Ihrisko pre každé dieťa  |c Patrik Ivanišin 
300 |b Fotografia 
336 |a text  |b txt  |2 rdacontent 
337 |a bez média  |b n  |2 rdamedia 
338 |a zväzok  |b nc  |2 rdacarrier 
650 0 7 |a výstavba  |2 SNKPH  |9 29373 
650 0 7 |a detské ihriská  |2 SNKPH  |9 73875 
651 7 |a Košice (Slovensko)  |2 SNKPHgeo  |9 18694 
651 7 |a Krásna (Košice IV, Slovensko)  |2 SNKPHgeo  |9 117186 
773 0 |t Krasňančan  |g Roč. XXII., č. 1 (2024), s. 2  |x 2453-7764 
852 |a KEVKJB  |b KIS3GCP 
856 4 1 |u https://www.kosicekrasna.sk/files/2024-03-22-082159-Kras__an__an_2024-01.pdf 
999 |c 2535321  |d 2537251